书目信息 |
| 题名: |
龙卷形成原理与天气雷达探测
|
|
| 作者: | 张培昌 , 朱君鉴 , 魏鸣 编著 | |
| 分册: | ||
| 出版信息: | 北京 气象出版社 2019 |
|
| 页数: | 146页 | |
| 开本: | 24cm | |
| 丛书名: | ||
| 单 册: | ||
| 中图分类: | P445 , TN959.4 | |
| 科图分类: | ||
| 主题词: | 龙卷风--long juan feng--成因 , 龙卷风--long juan feng--天气雷达--雷达探测 | |
| 电子资源: | ||
| ISBN: | 978-7-5029-6946-2 | |
| 000 | 01590nam0 2200313 450 | |
| 001 | 012001002195 | |
| 005 | 20131110081649.0 | |
| 010 | @a978-7-5029-6946-2@dCNY60.00 | |
| 099 | @aCAL 012019111317 | |
| 100 | @a20190624d2019 em y0chiy50 ea | |
| 101 | 0 | @achi |
| 102 | @aCN@b110000 | |
| 105 | @aak a 000yy | |
| 106 | @ar | |
| 200 | 1 | @a龙卷形成原理与天气雷达探测@Along juan xing cheng yuan li yu tian qi lei da tan ce@f张培昌, 朱君鉴, 魏鸣编著 |
| 210 | @a北京@c气象出版社@d2019 | |
| 215 | @a146页@c图 (部分彩图)@d24cm | |
| 300 | @a国家重点研发计划 (2017YFC1502103) 专项“副热带地区区域模式关键技术及其应用”资助 | |
| 320 | @a有书目 | |
| 330 | @a《龙卷形成原理与天气雷达探测》一书, 首先对有关龙卷形成的条件与理论做一归纳性介绍。其次, 对如何利用全相参多普勒天气雷达或双线偏振多普勒天气雷达资料与产品, 正确分析和识别強对流单体、中气旋与龙卷做较详细的论述。第三, 论述中气旋、龙卷的径向速度特征及其定义与识別产品的算法。第四, 通过对探测到的几个不同天气过程产生的龙卷事例进行分析。第五, 论述了龙卷涡旋特征算法本地化与改进, 并用实例对新旧算法的结果进行对比。第六, 对如何构建探测龙卷的雷达网, 包括地点的选择、雷达网的构建、雷达的定标、多部雷达的组网拼图等做了简述。最后, 两个附录分别介绍了“龙卷强度等级”与“龙卷灾害调查技术的规范”。 | |
| 606 | 0 | @a龙卷风@Along juan feng@x成因 |
| 606 | 0 | @a龙卷风@Along juan feng@x天气雷达@x雷达探测 |
| 690 | @aP445@v5 | |
| 690 | @aTN959.4@v5 | |
| 701 | 0 | @a张培昌@Azhang pei chang@4编著 |
| 701 | 0 | @a朱君鉴@Azhu jun jian@4编著 |
| 701 | 0 | @a魏鸣@Awei ming@4编著 |
| 801 | 0 | @aCN@b北京卓展@c20191020 |
| 905 | @b1199796-8@dP445@e157@f3 | |
| 龙卷形成原理与天气雷达探测/张培昌, 朱君鉴, 魏鸣编著.-北京:气象出版社,2019 |
| 146页:图 (部分彩图);24cm |
| 国家重点研发计划 (2017YFC1502103) 专项“副热带地区区域模式关键技术及其应用”资助 |
| ISBN 978-7-5029-6946-2:CNY60.00 |
| 《龙卷形成原理与天气雷达探测》一书, 首先对有关龙卷形成的条件与理论做一归纳性介绍。其次, 对如何利用全相参多普勒天气雷达或双线偏振多普勒天气雷达资料与产品, 正确分析和识别強对流单体、中气旋与龙卷做较详细的论述。第三, 论述中气旋、龙卷的径向速度特征及其定义与识別产品的算法。第四, 通过对探测到的几个不同天气过程产生的龙卷事例进行分析。第五, 论述了龙卷涡旋特征算法本地化与改进, 并用实例对新旧算法的结果进行对比。第六, 对如何构建探测龙卷的雷达网, 包括地点的选择、雷达网的构建、雷达的定标、多部雷达的组网拼图等做了简述。最后, 两个附录分别介绍了“龙卷强度等级”与“龙卷灾害调查技术的规范”。 |
| ● |
| 相关链接 |
|
|
|
|
正题名:龙卷形成原理与天气雷达探测
索取号:P445/157
 
预约/预借
| 序号 | 登录号 | 条形码 | 馆藏地/架位号 | 状态 | 备注 |
| 1 | 1199796 | 211997963 | 第二样本阅览室/ [索取号:P445/157] | 在馆 | |
| 2 | 1199797 | 211997972 | 第三借阅区/ [索取号:P445/157] | 在馆 | |
| 3 | 1199798 | 211997981 | 第三借阅区/ [索取号:P445/157] | 在馆 |